| 000 | 00469cam a2200181ua 4500 | ||
|---|---|---|---|
| 020 | _c300.00 | ||
| 041 |
_aeng _h |
||
| 082 |
_a020 _bKUM/ST |
||
| 100 | _aKumar, P.S.G . | ||
| 245 |
_aStudent`s manual of library and information science / _cP.S.G Kumar. _hTextual Documents |
||
| 250 |
_a3 / _b. |
||
| 260 |
_aDelhi : _bB.R Publishing corporation , _c2006. |
||
| 300 | _a1020 ; . | ||
| 365 | _a300.00 | ||
| 504 | _a | ||
| 942 | _cBK | ||
| 999 |
_c13553 _d13553 |
||